[Event "1. liga V 18/19, Ostrava-Orlova"]
[Site ""]
[Date "2019.02.03"]
[Round "7.5"]
[White "Splichal, Stanislav"]
[Black "Zabystrzan, Pavel"]
[Result "1/2-1/2"]
[WhiteElo "2158"]
[BlackElo "2232"]
[PlyCount "0"]
[WhiteTeam "TJ Ostrava"]
[BlackTeam "SK Slavia Orlova"]
[EventDate "2018.10.21"]

1. Nf3 Nf6 2. c4 g6 3. g3 c5 4. Bg2 Nc6 5. O-O d6 6. Nc3 Bg7 7. d4 cxd4 8. Nxd4
Bd7 9. Nc2 O-O 10. Bd2 a6 11. Rc1 Rc8 12. b3 Rb8 1/2-1/2

[Event "1. liga V 18/19, Ostrava-Orlova"]
[Site ""]
[Date "2019.02.03"]
[Round "7.6"]
[White "Lojek, Marek"]
[Black "Hladik, Oto"]
[Result "0-1"]
[WhiteElo "2202"]
[BlackElo "2136"]
[PlyCount "0"]
[WhiteTeam "SK Slavia Orlova"]
[BlackTeam "TJ Ostrava"]
[EventDate "2018.10.21"]

1. e4 c5 2. c3 g6 3. d4 cxd4 4. cxd4 d5 5. e5 Nc6 6. Nc3 Bg7 7. f4 h5 8. Nf3
Bg4 9. Be3 e6 10. Be2 Nge7 11. O-O Nf5 12. Bf2 Bh6 13. g3 Bh3 14. Re1 Rc8 15.
Qb3 Qe7 16. Rac1 O-O 17. Na4 Bg4 18. Bb5 Na5 19. Qd3 a6 20. Rxc8 Rxc8 21. b4
Bxf3 22. Bxa6 Be4 23. Qb5 bxa6 24. Qxa5 Rc4 25. Nb6 Rxb4 26. Nc8 Qb7 27. Qd8+
Bf8 0-1

[Event "1. liga V 18/19, Ostrava-Orlova"]
[Site ""]
[Date "2019.02.03"]
[Round "7.7"]
[White "Ruzicka, Petr"]
[Black "Kubos, Rostislav"]
[Result "1-0"]
[WhiteElo "2184"]
[BlackElo "2172"]
[PlyCount "0"]
[WhiteTeam "TJ Ostrava"]
[BlackTeam "SK Slavia Orlova"]
[EventDate "2018.10.21"]

1. Nf3 Nf6 2. g3 b6 3. Bg2 Bb7 4. O-O e6 5. c4 c5 6. b3 Be7 7. Bb2 O-O 8. Nc3
d5 9. e3 Nbd7 10. Qe2 Rc8 11. Rad1 Qc7 12. d3 a6 13. Ne1 Rfe8 14. f4 dxc4 15.
bxc4 Bxg2 16. Nxg2 Qc6 17. a4 Nf8 18. g4 N6d7 19. e4 Bf6 20. e5 Be7 21. g5 f5
22. exf6 gxf6 23. Ne4 f5 24. Nf6+ Bxf6 25. gxf6 e5 26. fxe5 Qxf6 27. Rde1 Qf7
28. Nf4 Ne6 29. Kh1 Nxf4 30. Rxf4 Rc6 31. Qf3 Rg6 32. Rxf5 Qe6 33. Rf1 Qc6 34.
Qd5+ Qe6 35. Bc3 Rf8 36. Qxd7 Qxd7 37. Rxf8+ 1-0

[Event "1. liga V 18/19, Ostrava-Orlova"]
[Site ""]
[Date "2019.02.03"]
[Round "7.8"]
[White "Kostka, Vit"]
[Black "Vesely, Martin"]
[Result "1-0"]
[WhiteElo "2143"]
[BlackElo "2080"]
[PlyCount "0"]
[WhiteTeam "SK Slavia Orlova"]
[BlackTeam "TJ Ostrava"]
[EventDate "2018.10.21"]

1. e4 c5 2. Nf3 d6 3. d4 cxd4 4. Nxd4 Nf6 5. Nc3 a6 6. Bg5 Nbd7 7. Qd2 e6 8.
Bc4 h6 9. Bxf6 Nxf6 10. Bb3 Be7 11. O-O-O O-O 12. Kb1 Qc7 13. g4 b5 14. a3 Bb7
15. Qe2 Rfc8 16. h4 Nh7 17. g5 g6 18. f4 h5 19. f5 gxf5 20. Qxh5 d5 21. g6 fxg6
22. Qxg6+ Kh8 23. Nxe6 Qe5 24. exd5 Rxc3 25. bxc3 Qxc3 26. Ng5 Qg7 27. Nf7+ Kg8
28. Nh6+ Kh8 29. Qxg7+ Kxg7 30. Nxf5+ Kf6 31. Rhf1 1-0

[Event "1. liga V 18/19, SM-Trinec"]
[Site ""]
[Date "2019.02.03"]
[Round "7.1"]
[White "Kanovsky, David"]
[Black "Petrik, Tomas"]
[Result "1/2-1/2"]
[WhiteElo "2424"]
[BlackElo "2469"]
[PlyCount "0"]
[WhiteTeam "SK Stare Mesto"]
[BlackTeam "TZ Trinec"]
[EventDate "2018.10.21"]

1. e4 e6 2. d4 d5 3. Nd2 c5 4. Ngf3 cxd4 5. exd5 Qxd5 6. Bc4 Qd6 7. O-O Nf6 8.
Nb3 Nc6 9. Nbxd4 Nxd4 10. Qxd4 Bd7 11. Bf4 Qxd4 12. Nxd4 Rc8 13. Bb3 Bc5 14.
Rad1 O-O 15. c3 Rfd8 16. Rfe1 h6 17. h3 Be8 18. Nc2 Bc6 19. Be3 Bxe3 20. Nxe3
Kf8 21. Nc4 Bd5 22. Ne5 Ke7 23. f4 Bxb3 24. axb3 Nh5 25. Rxd8 Rxd8 26. f5 Rd2
27. fxe6 fxe6 28. Rf1 Nf6 29. Rf2 Rd1+ 30. Kh2 Rd5 31. Re2 Nd7 32. Nf3 a5 33.
Re4 e5 34. b4 Kf6 35. bxa5 Rxa5 36. Rb4 b5 37. Nd2 Nc5 38. Nb3 Nxb3 39. Rxb3
Kf5 40. Rb4 Ke6 41. Kg3 Kd5 42. Kf3 h5 43. Ke3 g6 44. g4 hxg4 45. hxg4 Kc5 46.
Re4 Kd5 47. Rb4 Kc5 48. Ke4 Ra4 49. Kxe5 Rxb4 50. cxb4+ Kxb4 51. Kf6 1/2-1/2

[Event "1. liga V 18/19, SM-Trinec"]
[Site ""]
[Date "2019.02.03"]
[Round "7.2"]
[White "Stohl, Igor"]
[Black "Skalsky, Alexandr"]
[Result "1-0"]
[WhiteElo "2488"]
[BlackElo "2102"]
[PlyCount "0"]
[WhiteTeam "TZ Trinec"]
[BlackTeam "SK Stare Mesto"]
[EventDate "2018.10.21"]

1. c4 g6 2. e4 c5 3. Nf3 Bg7 4. d4 cxd4 5. Nxd4 Nc6 6. Be3 Nf6 7. Nc3 O-O 8.
Be2 d6 9. f3 Bd7 10. Qd2 Nxd4 11. Bxd4 a5 12. h4 a4 13. g4 Qa5 14. h5 Be6 15.
Kf2 Rfc8 16. b3 Bxg4 17. b4 Qxb4 18. Rab1 Qa5 19. Rb5 Qc7 20. fxg4 Qc6 21. Bxf6
Bxf6 22. Nd5 Re8 23. hxg6 fxg6 24. Qh6 Kf7 25. Qxh7+ Bg7 26. Kg2 Rh8 27. Rf1+
1-0

[Event "1. liga V 18/19, SM-Trinec"]
[Site ""]
[Date "2019.02.03"]
[Round "7.3"]
[White "Husek, Martin"]
[Black "Chytilek, Roman"]
[Result "0-1"]
[WhiteElo "2184"]
[BlackElo "2334"]
[PlyCount "0"]
[WhiteTeam "SK Stare Mesto"]
[BlackTeam "TZ Trinec"]
[EventDate "2018.10.21"]

1. e4 c6 2. d4 d5 3. e5 c5 4. dxc5 e6 5. Nf3 Bxc5 6. Bd3 Nc6 7. O-O Nge7 8. a3
Ng6 9. b4 Bb6 10. Re1 Bd7 11. Bb2 O-O 12. Nbd2 f6 13. exf6 gxf6 14. c4 Nf4 15.
Bf1 Ne5 16. Nxe5 fxe5 17. c5 Bc7 18. Qg4+ Ng6 19. Bxe5 Bxe5 20. Rxe5 Qf6 21.
Nf3 Kh8 22. Ree1 Rae8 23. Qd4 e5 24. Qxd5 Bc6 25. Qd6 Re6 26. Qd3 Nf4 27. Qe3
Qg7 28. Kh1 Rg8 29. g3 Qg4 30. Kg1 Qxf3 31. Qxf3 Bxf3 32. Re3 Bc6 33. b5 Bd5
34. Rd1 Ree8 35. f3 Be6 36. Rxe5 Nh3+ 37. Kg2 Ng5 38. Kf2 Nxf3 39. Rxe6 Rxe6
40. Kxf3 Rf8+ 41. Kg2 Ref6 42. Bc4 Rf2+ 43. Kh3 Rc2 44. Rd4 Rc8 45. c6 bxc6 46.
bxc6 Rxc6 47. Rd8+ Kg7 48. Rd7+ Kf6 49. Bd3 Rc7 50. Rd6+ Ke5 51. Rh6 R2c3 52.
Bxh7 Rxa3 53. Bg8 Ra4 54. Rh5+ Kf6 55. Bb3 Ra3 56. Bd1 a5 57. Rh6+ Kg5 58. Rh5+
Kg6 59. Kh4 Ra2 60. h3 Rh7 0-1

[Event "1. liga V 18/19, SM-Trinec"]
[Site ""]
[Date "2019.02.03"]
[Round "7.4"]
[White "Walek, Milan"]
[Black "Sosna, Jan"]
[Result "0-1"]
[WhiteElo "2298"]
[BlackElo "2341"]
[PlyCount "0"]
[WhiteTeam "TZ Trinec"]
[BlackTeam "SK Stare Mesto"]
[EventDate "2018.10.21"]

1. e4 e5 2. Bc4 Nf6 3. d3 Bc5 4. Nc3 Nc6 5. f4 d6 6. Nf3 a6 7. f5 b5 8. Bb3 Bb7
9. a3 Nd4 10. Nxd4 exd4 11. Ne2 d5 12. exd5 Nxd5 13. O-O O-O 14. Nf4 Nf6 15.
Nh5 Be7 16. Bf4 c5 17. Be5 Rc8 18. c4 dxc3 19. Bxc3 Nxh5 20. Qxh5 Bf6 21. Rad1
Bxc3 22. bxc3 Qf6 23. Qg4 Qxc3 24. d4 Qxb3 25. f6 Qe3+ 26. Kh1 Qh6 27. d5 Rcd8
28. d6 Kh8 29. d7 gxf6 30. Rfe1 Rg8 31. Re8 Qg5 32. Rxd8 Rxd8 33. Qe2 Kg7 34.
Rd3 Kf8 35. Kg1 Qxg2+ 36. Qxg2 Bxg2 37. Kxg2 Ke7 38. Rh3 Rxd7 39. Rxh7 Rd3 40.
Rh8 Rxa3 41. Rc8 c4 42. h4 f5 43. h5 Kf6 44. Rg8 f4 45. Kh2 Rg3 46. Ra8 Kg5 47.
Rh8 Kg4 0-1

[Event "1. liga V 18/19, SM-Trinec"]
[Site ""]
[Date "2019.02.03"]
[Round "7.5"]
[White "Zpevakova, Jana"]
[Black "Sikorova, Olga"]
[Result "1-0"]
[WhiteElo "2076"]
[BlackElo "2269"]
[PlyCount "0"]
[WhiteTeam "SK Stare Mesto"]
[BlackTeam "TZ Trinec"]
[EventDate "2018.10.21"]

1. d4 Nf6 2. c4 g6 3. Nc3 Bg7 4. Nf3 O-O 5. Bg5 c5 6. e3 cxd4 7. exd4 d5 8.
Bxf6 Bxf6 9. cxd5 Qb6 10. Qd2 Na6 11. Bc4 Bg4 12. Ne5 Bxe5 13. dxe5 Rac8 14.
Be2 Bxe2 15. Qxe2 Rfd8 16. O-O Nb4 17. Rfd1 Qa5 18. d6 exd6 19. exd6 Rd7 20. a3
Nc6 21. Rd5 Qd8 22. Rad1 b6 23. Ne4 Na5 24. Qg4 Kg7 25. Nf6 Qxf6 26. Qxd7 Rc2
27. Rf1 Qxb2 28. Qg4 h5 29. Qd4+ Qxd4 30. Rxd4 Rc8 31. d7 Rd8 32. Rc1 Kf8 33.
Rc7 b5 34. Re4 f5 35. Re2 Kf7 36. Rxa7 Nc4 37. f3 h4 38. Kf2 g5 39. Ke1 Nb6 40.
Rb7 Nxd7 41. Rxb5 Kf6 42. Rd5 g4 43. fxg4 fxg4 44. a4 1-0

[Event "1. liga V 18/19, SM-Trinec"]
[Site ""]
[Date "2019.02.03"]
[Round "7.6"]
[White "Sikora, Jan"]
[Black "Bazant, Petr"]
[Result "0-1"]
[WhiteElo "2162"]
[BlackElo "2242"]
[PlyCount "0"]
[WhiteTeam "TZ Trinec"]
[BlackTeam "SK Stare Mesto"]
[EventDate "2018.10.21"]

1. Nf3 d5 2. g3 Nf6 3. Bg2 g6 4. O-O Bg7 5. c4 c6 6. cxd5 cxd5 7. d4 O-O 8. Nc3
Nc6 9. b3 Ne4 10. Bb2 Nxc3 11. Bxc3 Bf5 12. Qd2 Qb6 13. Ne5 Rfd8 14. Nxc6 Qxc6
15. Rfc1 Qf6 16. Bb2 Rd7 17. Rc5 e6 18. Rac1 Bf8 19. Rc8 Rxc8 20. Rxc8 Rd8 21.
Qc1 Rxc8 22. Qxc8 Qe7 23. Bc1 Kg7 24. h4 h6 25. Qb8 b6 26. Qf4 Kh7 27. a3 Bg7
28. b4 Qd7 29. Bf3 h5 30. Kg2 Qc6 31. Qd2 Qc7 32. Bb2 Bh6 33. Qc3 Qxc3 34. Bxc3
Bc2 35. e3 Bd3 36. Bd1 Bf8 37. f4 Kh6 38. Kf2 f6 39. g4 hxg4 40. Bxg4 Bf5 41.
Be2 Bd6 42. Bd1 g5 43. hxg5+ fxg5 44. fxg5+ Kxg5 45. Be1 Be4 46. Ba4 Kg4 47.
Bd7 Bf5 48. Ke2 e5 49. dxe5 Bxe5 50. Bc6 Be4 51. b5 Kf5 52. Bd7+ Kf6 53. Bh4+
Kf7 54. Kd2 Bd6 55. a4 Bb4+ 56. Kc1 Be7 57. Bxe7 Kxe7 58. Bc6 Kd6 59. Kd2 Kc5
60. Kc3 a5 61. Kb3 Bf3 62. Bb7 Bd1+ 63. Ka3 Bc2 64. Bc8 Kc4 65. Bh3 Kc3 66. Be6
Be4 67. Bf7 Kd2 0-1

[Event "1. liga V 18/19, SM-Trinec"]
[Site ""]
[Date "2019.02.03"]
[Round "7.7"]
[White "Vrana, Frantisek"]
[Black "Fargac, Martin"]
[Result "1-0"]
[WhiteElo "2271"]
[BlackElo "2246"]
[PlyCount "0"]
[WhiteTeam "SK Stare Mesto"]
[BlackTeam "TZ Trinec"]
[EventDate "2018.10.21"]

1. e4 a6 2. d4 e6 3. Nf3 d6 4. c4 c5 5. d5 exd5 6. exd5 Nf6 7. Be2 Be7 8. O-O
O-O 9. Nc3 Bg4 10. Nd2 Bf5 11. a4 Re8 12. g4 Bc8 13. h3 h6 14. Bd3 Nbd7 15. f4
Nf8 16. Ra3 Bd7 17. a5 N6h7 18. Kg2 Rb8 19. Qc2 b5 20. axb6 Rxb6 21. Nf3 Qc8
22. Kg3 Nf6 23. f5 Qd8 24. Bf4 Qc7 25. Qd2 Reb8 26. Ra2 Qd8 27. h4 Bc8 28. Re1
N8h7 29. Qe3 Bf8 30. Re2 Rb3 31. Qc1 R3b6 32. Qe1 Bd7 33. Bc1 Qc8 34. Qd2 Nxg4
35. Kxg4 Nf6+ 36. Kg3 Bxf5 37. Nh2 Rb3 38. Kg2 g6 39. Bxf5 Qxf5 40. Qf4 Qxf4
41. Bxf4 R3b4 42. Rxa6 Nh5 43. Bc1 Rxc4 44. Re4 Rd4 45. Nf3 Rd3 46. Kf2 Nf6 47.
Rea4 Nxd5 48. Ra8 Rxa8 49. Rxa8 Kg7 50. Ke2 c4 51. Ne4 f5 52. Nf2 Rb3 53. Nd4
Rb7 54. Ne6+ Kf7 55. Nd8+ 1-0

[Event "1. liga V 18/19, SM-Trinec"]
[Site ""]
[Date "2019.02.03"]
[Round "7.8"]
[White "Pilch, Roman"]
[Black "Horsak, Jan"]
[Result "1/2-1/2"]
[WhiteElo "2158"]
[BlackElo "2052"]
[PlyCount "0"]
[WhiteTeam "TZ Trinec"]
[BlackTeam "SK Stare Mesto"]
[EventDate "2018.10.21"]

1. Nf3 d5 2. c4 dxc4 3. Na3 Nf6 4. Nxc4 g6 5. b3 Bg7 6. Bb2 O-O 7. e3 c5 8. Be2
Nc6 9. a3 Bf5 10. d3 b5 11. Nce5 Nxe5 12. Bxe5 Qb6 13. e4 Bg4 14. O-O Rfd8 15.
Qc2 Rac8 16. Rfd1 Qe6 17. Qb2 Nh5 18. Bxg7 Nxg7 19. h3 Bxf3 20. Bxf3 Qd6 21. b4
Ne6 22. Bg4 Rc7 23. Bxe6 Qxe6 24. Rac1 Qd6 25. bxc5 Rxc5 26. Rxc5 Qxc5 27. Rc1
Qd6 28. Qxb5 Qxa3 29. Rc7 Qxd3 30. Qxd3 Rxd3 31. Rxa7 e6 1/2-1/2

[Event "1. liga V 18/19, Hostalkova-BSS"]
[Site ""]
[Date "2019.02.03"]
[Round "7.1"]
[White "Roubalik, Jakub"]
[Black "Jasny, Stanislav"]
[Result "1-0"]
[WhiteElo "2412"]
[BlackElo "2361"]
[PlyCount "0"]
[WhiteTeam "Sachy Hostalkova"]
[BlackTeam "BSS Frydek-Mistek "B""]
[EventDate "2018.10.21"]

1. d4 Nf6 2. c4 e6 3. Nf3 Bb4+ 4. Nbd2 d5 5. Qa4+ Nc6 6. a3 Bxd2+ 7. Bxd2 Ne4
8. e3 Nxd2 9. Nxd2 e5 10. Nf3 exd4 11. Nxd4 O-O 12. Nxc6 bxc6 13. Qxc6 Rb8 14.
O-O-O Bb7 15. Qc5 Qf6 16. Rd2 dxc4 17. Bxc4 Bxg2 18. Rg1 Bf3 19. Qg5 Rb6 20.
Qxf6 Rxf6 21. Rg5 Bb7 22. Ra5 a6 23. Rc5 c6 24. Re5 g6 25. f4 Kg7 26. Rd7 Bc8
27. Rc7 h5 28. h4 a5 29. Rxa5 Rd6 30. Re5 Kf6 31. Bxf7 Rxf7 32. Rxc8 Rfd7 33.
a4 Rd1+ 34. Kc2 R7d2+ 35. Kc3 Rd6 36. a5 Ra1 37. Kb4 Kf7 38. Rc7+ Kf8 39. Rc8+
Kf7 40. Rc7+ Kf8 41. Kc5 Rd2 42. b4 Rc1+ 43. Kb6 Rc4 44. Rxc6 Rxb4+ 45. Rb5 Re4
46. a6 Ra2 47. Rxg6 Rxe3 48. Rf5+ Ke7 49. Re5+ 1-0

[Event "1. liga V 18/19, Hostalkova-BSS"]
[Site ""]
[Date "2019.02.03"]
[Round "7.2"]
[White "Piesik, Piotr"]
[Black "Motuz, Karol"]
[Result "1-0"]
[WhiteElo "2420"]
[BlackElo "2369"]
[PlyCount "0"]
[WhiteTeam "BSS Frydek-Mistek "B""]
[BlackTeam "Sachy Hostalkova"]
[EventDate "2018.10.21"]

1. d4 Nf6 2. c4 e6 3. Nf3 d5 4. Nc3 Nbd7 5. e3 c6 6. Qc2 Bd6 7. g4 dxc4 8. Bxc4
b5 9. Be2 Bb7 10. g5 Nd5 11. Ne4 Be7 12. Bd2 Qb6 13. Rc1 O-O 14. Rg1 Rfe8 15.
Nc5 Nxc5 16. dxc5 Qc7 17. Qe4 Rad8 18. Ne5 Bf8 19. Rg3 f5 20. gxf6 Nxf6 21. Qf4
Nd5 22. Qg5 h6 23. Qh5 Nf6 24. Qg6 Rxd2 25. Qxf6 Rd5 26. Qg6 Qxe5 27. Qxe8 Qxb2
28. Rd1 Qc3+ 29. Kf1 Qxc5 30. Rxd5 Qxd5 31. Rf3 Qc5 32. Qf7+ Kh7 33. Bd3+ 1-0

[Event "1. liga V 18/19, Hostalkova-BSS"]
[Site ""]
[Date "2019.02.03"]
[Round "7.3"]
[White "Paszewski, Mateusz"]
[Black "Vesselovsky, Serguei"]
[Result "1/2-1/2"]
[WhiteElo "2347"]
[BlackElo "2339"]
[PlyCount "0"]
[WhiteTeam "Sachy Hostalkova"]
[BlackTeam "BSS Frydek-Mistek "B""]
[EventDate "2018.10.21"]

1. e4 c5 2. Nf3 d6 3. d4 cxd4 4. Qxd4 Nf6 5. Be2 Nbd7 6. O-O e6 7. c4 Be7 8.
Nc3 a6 9. Rd1 Qc7 10. b3 O-O 11. Bb2 b6 12. Rac1 Bb7 13. Qe3 Rac8 14. Nd2 Rfd8
1/2-1/2

[Event "1. liga V 18/19, Hostalkova-BSS"]
[Site ""]
[Date "2019.02.03"]
[Round "7.4"]
[White "Rabatin, Jakub"]
[Black "Pala, Vladimir"]
[Result "1/2-1/2"]
[WhiteElo "2318"]
[BlackElo "2227"]
[PlyCount "0"]
[WhiteTeam "BSS Frydek-Mistek "B""]
[BlackTeam "Sachy Hostalkova"]
[EventDate "2018.10.21"]

1. e4 e6 2. d4 d5 3. Nd2 dxe4 4. Nxe4 Nd7 5. Nf3 Ngf6 6. Nxf6+ Nxf6 7. Bc4 Be7
8. Qe2 O-O 9. Bg5 b6 10. O-O-O Bb7 11. Ne5 Nd5 12. Bxe7 Qxe7 13. Bxd5 exd5 14.
Qg4 f6 15. Nd3 Rae8 16. Rhe1 Qf7 17. Nf4 Bc8 18. Qf3 c6 19. Qc3 Qd7 20. f3 Rxe1
21. Rxe1 Re8 22. Kd2 Rxe1 23. Kxe1 Qd6 24. g3 Kf7 25. Kf2 Bf5 26. a3 Bd7 27.
Qd3 g6 28. c3 Bf5 29. Qd2 Bd7 30. Kg2 Bf5 31. g4 Bd7 32. h4 Qe7 33. Kf2 Qd6 34.
Kg2 Qe7 35. Nd3 Qd6 36. Qh6 Kg8 37. g5 f5 38. h5 Be8 39. Ne5 c5 40. hxg6 hxg6
41. Qh1 c4 42. Qe1 Kf8 43. Qh4 Kg8 44. Qf4 Qe7 45. Qe3 Kf8 46. Kg3 a5 47. a4
Qd6 48. Qc1 Bxa4 49. Qa1 Be8 50. f4 a4 51. Qa3 Ke7 52. Kf2 Qxa3 53. bxa3
1/2-1/2

[Event "1. liga V 18/19, Hostalkova-BSS"]
[Site ""]
[Date "2019.02.03"]
[Round "7.5"]
[White "Kula, Dominik"]
[Black "Kubik, Michael"]
[Result "1/2-1/2"]
[WhiteElo "2232"]
[BlackElo "2264"]
[PlyCount "0"]
[WhiteTeam "Sachy Hostalkova"]
[BlackTeam "BSS Frydek-Mistek "B""]
[EventDate "2018.10.21"]

1. Nf3 Nf6 2. b3 g6 3. Bb2 Bg7 4. g3 O-O 5. Bg2 c5 6. c4 Nc6 7. O-O d6 8. d4
cxd4 9. Nxd4 Bd7 10. Nc3 Qa5 11. Rc1 Nxd4 12. Qxd4 Bc6 13. a3 Ne4 14. b4 Bxd4
15. bxa5 Nc5 16. Rfd1 Bg7 17. Rb1 Rac8 18. Nd5 Rfe8 19. Bxg7 Kxg7 20. Rb4 Na6
21. Rb2 Ba4 22. Rdb1 Nc5 23. Rb4 Bc6 24. Nc3 Kf6 25. Nb5 Bxg2 26. Kxg2 Rc6 27.
Nd4 Ra6 28. Nb3 Rc8 29. Rb5 Nxb3 30. R1xb3 Rxc4 31. Rf3+ Kg7 32. Rxb7 Re4 33.
Kf1 Rxa5 34. Rc3 Kf6 35. Rf3+ Kg7 36. Rc3 Kf6 37. Rf3+ Ke6 38. Rc3 a6 39. f3
Ree5 40. Ra7 Rec5 41. Re3+ Re5 42. Rc3 Ra4 43. Kf2 h5 44. h4 Kf6 45. Rb3 d5 46.
Rd7 d4 47. f4 Re4 48. Rb6+ Re6 49. Rb3 Rc4 50. Kf3 Rc2 51. Rxd4 Rcxe2 52. Ra4
Rc2 53. g4 hxg4+ 54. Kxg4 Rec6 55. Re3 e6 56. Rg3 R2c4 57. Ra5 Re4 58. h5 gxh5+
59. Rxh5 Rcc4 60. Rf3 e5 61. Rb3 Rxf4+ 62. Kh3 Ke6 63. Rb6+ Kd5 64. Rxa6 Ra4
65. Rb6 Rxa3+ 66. Kg2 Ra5 67. Rhh6 Rc5 68. Rb2 Rfc4 69. Rd2+ Rd4 70. Rf2 Rc7
71. Rhf6 Rg4+ 72. Kf3 Rcc4 73. Rxf7 Rgf4+ 74. Ke3 Rfe4+ 75. Kf3 Rc3+ 76. Kg2
Rg4+ 77. Kh2 Ke4 78. Re2+ Re3 79. Ra2 Rf4 80. Rg7 Rd3 81. Kg2 Rd1 82. Re2+ Kf5
83. Rf7+ Kg4 84. Rg7+ Kf5 85. Rf7+ Kg6 86. Rxf4 exf4 87. Re5 1/2-1/2

[Event "1. liga V 18/19, Hostalkova-BSS"]
[Site ""]
[Date "2019.02.03"]
[Round "7.6"]
[White "Holeksa, Zdenek"]
[Black "Karlik, Ondrej"]
[Result "1/2-1/2"]
[WhiteElo "2234"]
[BlackElo "2177"]
[PlyCount "0"]
[WhiteTeam "BSS Frydek-Mistek "B""]
[BlackTeam "Sachy Hostalkova"]
[EventDate "2018.10.21"]

1. e4 c5 2. Nf3 a6 3. c3 b5 4. d4 cxd4 5. cxd4 Bb7 6. Bd3 Nf6 7. Qe2 e6 8. O-O
Nc6 9. a3 Be7 10. Nc3 Na5 11. Bg5 Rc8 12. e5 Ng8 13. Be3 Nc4 14. a4 Nxe3 15.
fxe3 b4 16. Ne4 a5 17. Nfg5 f5 18. exf6 Nxf6 19. Nxf6+ Bxf6 20. Nxh7 Ke7 21.
Qg4 Qg8 22. Ng5 Qe8 23. Nh7 Qg8 24. Qg6 Qf7 25. Qxf7+ Kxf7 26. Nxf6 gxf6 27.
Rf2 Ke7 28. h3 f5 29. Kh2 Bd5 30. Rg1 Bc4 31. Bxc4 Rxc4 32. g4 fxg4 33. Rxg4 b3
34. Rg5 Rb8 35. Rxa5 Rc2 36. Rg2 Kd6 37. Rxc2 bxc2 38. Rc5 Rxb2 39. Kg3 e5 40.
h4 exd4 41. exd4 Ra2 42. a5 Rxa5 43. Rxc2 Ra3+ 44. Kg4 Rd3 45. Rc4 Kd5 46. Ra4
Ke4 47. h5 d5 48. h6 Rd1 49. Ra3 Rb1 50. h7 Rb8 51. Kg5 Kxd4 52. Kf6 Ke4 53.
Rg3 Rh8 54. Kg7 Rxh7+ 55. Kxh7 d4 56. Kg6 d3 57. Rg1 d2 58. Kg5 1/2-1/2

[Event "1. liga V 18/19, Hostalkova-BSS"]
[Site ""]
[Date "2019.02.03"]
[Round "7.7"]
[White "Krejca, Jakub"]
[Black "Taus, Martin"]
[Result "1-0"]
[WhiteElo "2142"]
[BlackElo "2119"]
[PlyCount "0"]
[WhiteTeam "Sachy Hostalkova"]
[BlackTeam "BSS Frydek-Mistek "B""]
[EventDate "2018.10.21"]

1. e4 e6 2. Nc3 d5 3. g3 dxe4 4. Nxe4 Bd7 5. Bg2 Bc6 6. f3 Nf6 7. d4 Nbd7 8.
Ne2 Be7 9. O-O O-O 10. c4 b5 11. b3 bxc4 12. bxc4 Nb6 13. Qc2 Bb7 14. Be3 Ba6
15. c5 Nbd5 16. Bf2 Nb4 17. Qd2 Nxe4 18. fxe4 Bxc5 19. a3 Nc6 20. Rfc1 Nxd4 21.
Nxd4 Bb6 22. Rd1 Bb7 23. Nb5 Qe7 24. Rac1 Rad8 25. Qc2 a6 26. Rxd8 Bxf2+ 27.
Qxf2 Rxd8 28. Rxc7 Rd7 29. Rxd7 Qxd7 30. Qd4 Qc8 31. Nd6 Qc1+ 32. Bf1 Bc6 33.
Qa7 h6 34. Qxf7+ Kh7 35. Qf2 Qxa3 36. e5 Qa5 37. Bd3+ g6 38. Qf7+ Kh8 39. Qf6+
Kg8 40. Qxg6+ Kf8 41. Qf7# 1-0

[Event "1. liga V 18/19, Hostalkova-BSS"]
[Site ""]
[Date "2019.02.03"]
[Round "7.8"]
[White "Mica, Marek"]
[Black "Vraj, Karel"]
[Result "1-0"]
[WhiteElo "2248"]
[BlackElo "1967"]
[PlyCount "0"]
[WhiteTeam "BSS Frydek-Mistek "B""]
[BlackTeam "Sachy Hostalkova"]
[EventDate "2018.10.21"]

1. d4 g6 2. c4 Bg7 3. Nf3 d6 4. Nc3 Nd7 5. g3 c6 6. Bg2 Ngf6 7. O-O O-O 8. e4
e5 9. d5 c5 10. Ne1 Nb6 11. b3 Ne8 12. Nd3 f5 13. f3 Nf6 14. Be3 a6 15. Qd2 Bd7
16. Rae1 Nc8 17. f4 Ng4 18. fxe5 Nxe5 19. Nxe5 Bxe5 20. Bf4 Bxf4 21. Rxf4 fxe4
22. Nxe4 Rxf4 23. Qxf4 Bf5 24. Ng5 h5 25. Bh3 Ne7 26. Re6 Bxe6 27. Bxe6+ Kg7
28. Qf7+ Kh6 29. Qh7+ Kxg5 30. h4+ Kf6 31. Qf7+ Ke5 32. Qf4# 1-0

[Event "1. liga V 18/19, Gordic-RnK"]
[Site ""]
[Date "2019.02.03"]
[Round "7.1"]
[White "Haba, Petr"]
[Black "Sabuk, Piotr"]
[Result "1/2-1/2"]
[WhiteElo "2446"]
[BlackElo "2386"]
[PlyCount "0"]
[WhiteTeam "SK Gordic"]
[BlackTeam "Panda Rychnov n. K."]
[EventDate "2018.10.21"]

1. e4 e5 2. Nf3 Nc6 3. Bb5 a6 4. Ba4 Nf6 5. O-O Be7 6. Re1 b5 7. Bb3 d6 8. c3
O-O 9. h3 Re8 10. d4 Bb7 11. Nbd2 Bf8 12. Ng5 Re7 13. d5 Na5 14. Bc2 c6 15. b4
Nc4 16. Nxc4 bxc4 17. dxc6 Bxc6 18. Nf3 Qc7 19. Bg5 Re6 20. Bxf6 Rxf6 21. Nh2
Rg6 22. Ba4 Bb7 23. Qf3 Be7 24. Nf1 Bg5 25. Ng3 Rf6 26. Qe2 g6 27. Bc2 Bh4 28.
a4 Re8 29. Rad1 a5 30. b5 Qc5 31. Qe3 Rc8 32. Qxc5 Rxc5 33. Re2 1/2-1/2

[Event "1. liga V 18/19, Gordic-RnK"]
[Site ""]
[Date "2019.02.03"]
[Round "7.2"]
[White "Kozusek, Daniel"]
[Black "Zwardon, Vojtech"]
[Result "1/2-1/2"]
[WhiteElo "2347"]
[BlackElo "2455"]
[PlyCount "0"]
[WhiteTeam "Panda Rychnov n. K."]
[BlackTeam "SK Gordic"]
[EventDate "2018.10.21"]

1. d4 Nf6 2. Nf3 e6 3. Bf4 b6 4. e3 Bb7 5. Nbd2 h6 6. h3 g5 7. Bh2 g4 8. hxg4
Nxg4 9. Bf4 d6 10. Bd3 Nd7 11. Qe2 a5 12. O-O-O Qe7 13. Bg5 Ngf6 14. Bh4 O-O-O
15. Ba6 e5 16. dxe5 dxe5 17. Ne4 Bg7 18. Bxb7+ Kxb7 19. Qb5 Kc8 20. Qc6 Nb8 21.
Qc4 Rxd1+ 22. Rxd1 Kb7 23. Nh2 h5 24. Nf1 Rh6 25. Nfg3 Qb4 26. Qxb4 axb4 27.
Bg5 Rg6 28. Bxf6 Bxf6 29. Nxh5 Be7 30. Nhg3 Bh4 31. Rd5 Nc6 32. Rd7 Ne7 1/2-1/2

[Event "1. liga V 18/19, Gordic-RnK"]
[Site ""]
[Date "2019.02.03"]
[Round "7.3"]
[White "Holtman, Teodor"]
[Black "Goluch, Piotr"]
[Result "0-1"]
[WhiteElo "2287"]
[BlackElo "2265"]
[PlyCount "0"]
[WhiteTeam "SK Gordic"]
[BlackTeam "Panda Rychnov n. K."]
[EventDate "2018.10.21"]

1. e4 c6 2. Nc3 d5 3. Nf3 Bg4 4. h3 Bh5 5. exd5 cxd5 6. Bb5+ Nc6 7. g4 Bg6 8.
Ne5 Rc8 9. d4 e6 10. h4 f6 11. Nxg6 hxg6 12. Qd3 f5 13. g5 a6 14. Bxc6+ Rxc6
15. Bd2 Bd6 16. O-O-O Ne7 17. Rde1 Kf7 18. Qe2 Qd7 19. h5 gxh5 20. g6+ Nxg6 21.
Rxh5 Rcc8 22. Rg5 Be7 23. Rg2 Bf6 24. Qd3 Qc7 25. Kb1 Nh4 26. Rgg1 Qc4 27. Qg3
Rc6 28. Bg5 Qxd4 29. Rd1 Qg4 30. Qh2 Ng6 31. Qxh8 Qxd1+ 32. Rxd1 Nxh8 33. Bxf6
Kxf6 0-1

[Event "1. liga V 18/19, Gordic-RnK"]
[Site ""]
[Date "2019.02.03"]
[Round "7.4"]
[White "Zeberski, Jakub"]
[Black "Kratochvil, Josef"]
[Result "1/2-1/2"]
[WhiteElo "2344"]
[BlackElo "2274"]
[PlyCount "0"]
[WhiteTeam "Panda Rychnov n. K."]
[BlackTeam "SK Gordic"]
[EventDate "2018.10.21"]

1. e4 c5 2. Nf3 d6 3. Bb5+ Bd7 4. Bxd7+ Qxd7 5. c4 Nf6 6. Nc3 Nc6 7. d4 cxd4 8.
Nxd4 g6 9. b3 Bg7 10. Bb2 O-O 11. O-O a6 12. Nxc6 Qxc6 13. Nd5 Nxd5 14. exd5
Qc5 15. Bxg7 Kxg7 16. a4 b5 17. Qf3 Rab8 18. cxb5 axb5 19. a5 Rfc8 20. Rfe1 Rc7
21. h4 b4 22. h5 Qc3 23. h6+ Kf8 24. Qe4 Qd2 25. a6 f5 26. Qh4 Qxd5 27. a7 Ra8
28. Qxb4 Rb7 29. Qc3 e5 30. Red1 Qc5 31. Qxc5 dxc5 32. Ra5 Raxa7 33. Rxc5 Rxb3
34. Rxe5 Kf7 35. Rd8 Rb4 36. g3 f4 37. g4 f3 38. g5 Rh4 39. Rd1 Raa4 40. Rd7+
Kf8 41. Rd8+ Kf7 1/2-1/2